Memoria que la dirección de la Nueva Sociedad de Seguros Mutuos contra Incendios de Casas en Madrid presenta á la Junta General en 26 de enero de 1896. (Record no. 183867)
[ view plain ]
| 000 -LEADER | |
|---|---|
| campo de control de longitud fija | 00754nam a2200181 i 4500 |
| 001 - NÚMERO DE CONTROL | |
| campo de control | 183867 |
| 003 - IDENTIFICADOR DE NÚMERO DE CONTROL | |
| campo de control | ES-MaACL |
| 005 - FECHA Y HORA DE LA ÚLTIMA TRANSACCIÓN | |
| campo de control | 20250902084425.0 |
| 008 - DATOS DE LONGITUD FIJA--INFORMACIÓN GENERAL | |
| campo de control de longitud fija | 141031s1896 sp |||| | spa d |
| 080 ## - NÚMERO DE LA CLASIFICACIÓN DECIMAL UNIVERSAL | |
| Número de la Clasificación Decimal Universal | 368.11(460.27 M.)(060.55) |
| 110 2# - ENTRADA PRINCIPAL--NOMBRE DE ENTIDAD CORPORATIVA | |
| Nombre de entidad corporativa o nombre de jurisdicción como elemento de entrada | Nueva Sociedad de Seguros Mutuos contra Incendios de Casas en Madrid |
| 9 (RLIN) | 155820 |
| 245 10 - MENCIÓN DEL TÍTULO | |
| Título | Memoria que la dirección de la Nueva Sociedad de Seguros Mutuos contra Incendios de Casas en Madrid presenta á la Junta General en 26 de enero de 1896. |
| 260 ## - PUBLICACIÓN, DISTRIBUCIÓN, ETC. | |
| Lugar de publicación, distribución, etc. | Madrid : |
| Nombre del editor, distribuidor, etc. | [s.n.], |
| Fecha de publicación, distribución, etc. | 1896 ( |
| Fabricante | Tip. de E. Catalá) |
| 300 ## - DESCRIPCIÓN FÍSICA | |
| Extensión | 46 p. ; |
| Dimensiones | 23 cm. |
| 610 24 - PUNTO DE ACCESO ADICIONAL DE MATERIA--NOMBRE DE ENTIDAD CORPORATIVA | |
| Nombre de entidad corporativa o nombre de jurisdicción como elemento de entrada | Nueva Sociedad de Seguros Mutuos contra Incendios de Casas en Madrid- |
| Subdivisión de forma | Memorias. |
| 9 (RLIN) | 155821 |
| 852 ## - LOCALIZACIÓN | |
| Ubicación | ES-MaACL |
| Número de control de estantería | T-805-F-6 |
| Estatus retirado | Estado de pérdida | Estado de daño | No para préstamo | Colección | Biblioteca de origen | Biblioteca actual | Ubicación en estantería | Fecha de adquisición | Fuente de adquisición | Total de préstamos | Signatura topográfica completa | Código de barras | Visto por última vez | Precio de reemplazo | Tipo de ítem Koha |
|---|---|---|---|---|---|---|---|---|---|---|---|---|---|---|---|
| Colección de folletos | Biblioteca del Ateneo de Madrid | Biblioteca del Ateneo de Madrid | Depósito folletos | 31/10/2014 | T-805-F-6 | 1193331 | 23/02/2023 | 23/02/2023 | Folleto |
